Contra la prensa : (Record no. 102911)

MARC details
000 -LEADER
fixed length control field 00706nam a22002177a 4500
005 - DATE AND TIME OF LATEST TRANSACTION
control field 20151007114120.0
008 - FIXED-LENGTH DATA ELEMENTS--GENERAL INFORMATION
fixed length control field 151007b ag ||||| |||| 00| 0 spa d
020 ## - INTERNATIONAL STANDARD BOOK NUMBER
International Standard Book Number 9505811985
050 04 - LIBRARY OF CONGRESS CALL NUMBER
Classification number PN4733
Item number C66 [2001]
245 00 - TITLE STATEMENT
Title Contra la prensa :
Remainder of title antología de diatribas y apostillas /
Statement of responsibility, etc compilación y prólogo Esteban Rodríguez
250 ## - EDITION STATEMENT
Edition statement 1a ed.
260 ## - PUBLICATION, DISTRIBUTION, ETC. (IMPRINT)
Place of publication, distribution, etc Buenos Aires, Argentina :
Name of publisher, distributor, etc Ediciones Colihue,
Date of publication, distribution, etc [2001]
300 ## - PHYSICAL DESCRIPTION
Extent 328 p. ;
Dimensions 22 cm.
490 0# - SERIES STATEMENT
Series statement Puñaladas
490 1# - SERIES STATEMENT
Series statement Serie Mayor
504 ## - BIBLIOGRAPHY, ETC. NOTE
Bibliography, etc Incluye apéndice e índice
650 #7 - SUBJECT ADDED ENTRY--TOPICAL TERM
Source of heading or term LEMB
Topical term or geographic name as entry element Prensa
650 #7 - SUBJECT ADDED ENTRY--TOPICAL TERM
Source of heading or term LEMB
Topical term or geographic name as entry element Periodísmo
General subdivision Prácticas corruptas
700 1# - ADDED ENTRY--PERSONAL NAME
Personal name Rodríguez Esteban,
Relator term comp. y prol.
942 ## - ADDED ENTRY ELEMENTS (KOHA)
Source of classification or shelving scheme Biblioteca del Cogreso de los Estados Unidos
Koha item type Libro
Holdings
Estado de pérdida Fuente de clasificación Estado del daño No para préstamo Ubicación permanente Ubicación actual Apartado o colección Fecha de adquisición Edición Dependencia de educación superior (DES) Área del conocimiento Clasificación Código de Barras Date last seen Número de copia Tipo de recurso
  Biblioteca del Cogreso de los Estados Unidos     Biblioteca del Posgrado en Derecho Biblioteca del Posgrado en Derecho Colección Ernesto Villanueva 07/10/2015 1a ed. Derecho Ciencias Sociales y Administrativas PN4733 C66 [2001] BPD000002953 07/10/2015 1 Libro